000 00554 a2200169 4500
003 Nust
005 20221124122043.0
040 _cNust
082 _a621.38132,ENG
100 _aMorris Engelson
_9103480
245 _aSpectrum Analyzer Circuits /
_cMorris Engelson
260 _aText Ronix
_bLondon
_c1969
300 _a176p
505 _aComponents and Subassemblies (Page-23), Filters (Page-55), Amplifiers (Page-83), Mixers (Page-99), Oscillators (Page-121), RF Attenuators (Page-157),
650 _aTelecommunication Engineering
942 _2ddc
_cBK
999 _c181922
_d181922